[Event "Bundesliga 9495"]
[Site "Germany"]
[Date "1995.??.??"]
[Round "?"]
[White "Haubt, Georg"]
[Black "Heinatz, Thomas"]
[Result "1-0"]
[WhiteElo "2275"]
[BlackElo "2360"]

1.d4 Nf6 2.Bg5 d5 3.Bxf6 exf6 4.e3 Bf5 5.Ne2 Bd6 6.Ng3 Bg6 7.Bd3 O-O 8.O-O Re8
9.c4 dxc4 10.Bxc4 Nd7 11.Qf3 Nb6 12.Bb3 a5 13.a4 c6 14.Nc3 Nc8 15.Rfd1 Qb6
16.Ba2 Qxb2 17.e4 Qb6 18.Qg4 Bb4 19.Nce2 Nd6 20.Nf4 Kh8 21.f3 Bc3 22.Rab1 Bxd4+
23.Kh1 Qc5 24.h4 Be3 25.Nd3 Qa3 26.Bb3 h5 27.Nxh5 Nxe4 28.Bxf7 Qxd3 29.fxe4 Qxe4
30.Qg3 Bxh5 31.Bxh5 Bf4 32.Qg4 Re5 33.Bg6 Qe2 34.Qxf4  1-0

[Event "Bundesliga 9495"]
[Site "Germany"]
[Date "1995.??.??"]
[Round "?"]
[White "Vatter, Hans Joachim"]
[Black "Heilemann, Manfred"]
[Result "1/2-1/2"]
[WhiteElo "2330"]
[BlackElo "2270"]

1.d4 Nf6 2.Bg5 d5 3.Bxf6 exf6 4.e3 Be6 5.g3 c6 6.Bg2 Qd7 7.Nd2 Na6 8.Ne2 Bh3
9.Bxh3 Qxh3 10.Nf4 Qd7 11.a3 Nc7 12.Qf3 Ne6 13.h4 Nxf4 14.gxf4 Qf5 15.O-O-O O-O-O
16.h5 Bd6 17.Rdg1 Rhg8 18.Qh3 Qxh3 19.Rxh3 Kd7 20.f5 g6 21.hxg6 hxg6 22.fxg6 Rxg6
23.Rgh1 Rg2 24.Rf3 Ke6 25.c4 dxc4 26.Nxc4 Be7 27.Kc2 c5 28.dxc5 Bxc5 29.Rh4 f5
30.Nd2 Rc8 31.Rc4 Rc6 32.Nb3 Bb6 33.Rxc6+ bxc6 34.Kd3 Rg4 35.Nd2 Bc7 36.Rh3 Rg2
37.Ke2 Rg1 38.Rh6+ Rg6 39.Rh8 f4 40.e4 Bb6 41.Kf3 Bd4 42.Re8+ Kd7 43.Ra8 Rh6
44.Kg2 Kc7 45.b3 Rg6+ 46.Kf3 Rh6 47.Rg8 Rh3+ 48.Kg2 Rd3 49.Nf3 Bb2 50.Rf8 f6
51.Rf7+ Kb6 52.Rf8 Kb7 53.Rf7+ Ka6 54.b4  1/2-1/2

[Event "BL2-W9495"]
[Site "Germany"]
[Date "1995.??.??"]
[Round "?"]
[White "Hausrath, Daniel"]
[Black "Buenermann, Volker"]
[Result "1-0"]
[WhiteElo "2320"]
[BlackElo "2280"]

1.d4 Nf6 2.Bg5 d5 3.Bxf6 exf6 4.e3 g6 5.h4 Bg7 6.h5 b6 7.hxg6 hxg6 8.Rxh8+ Bxh8
9.Nc3 Bg7 10.Qf3 Bb7 11.O-O-O f5 12.Nge2 Nd7 13.Nxd5 Kf8 14.c4 Nf6 15.Nec3 b5
16.Qf4 Nxd5 17.Nxd5 bxc4 18.Nc3 Qd6 19.Qxd6+ cxd6 20.Bxc4 Bxg2 21.Bd5 Bxd5
22.Nxd5 Rc8+ 23.Kd2 g5 24.Kd3 f6 25.b4 Kf7 26.b5 Ke6 27.Nb4 d5 28.Nc6 Rc7
29.Rc1 Kd6 30.Rc5 Bf8 31.a4 Rd7 32.a5 Kc7 33.Nxa7+ Kb7 34.Nc6 Bxc5 35.dxc5 Rc7
36.a6+ Kc8 37.Kd4 f4 38.exf4 gxf4 39.a7 Kb7 40.Na5+  1-0

[Event "Landesliga N9596 Bayern"]
[Site "Germany"]
[Date "1995.??.??"]
[Round "?"]
[White "Rebscher, Ralf"]
[Black "Lehmann, Volker"]
[Result "1/2-1/2"]
[WhiteElo "1920"]
[BlackElo "1990"]

1.d4 Nf6 2.Bg5 d5 3.Nd2 e6 4.e3 Nbd7 5.Bd3 Be7 6.Ne2 c5 7.c3 b6 8.O-O Bb7
9.Ng3 O-O 10.f4 h6 11.Bh4 a5 12.Qe2 Ne4 13.Bxe7 Nxg3 14.hxg3 Qxe7 15.g4 f5
16.gxf5 exf5 17.Nf3 c4 18.Bc2 b5 19.a3 b4 20.axb4 axb4 21.Rxa8 Bxa8 22.Ba4 Nb6
23.Bc2  1/2-1/2

[Event "Landesliga S9495 Bayern"]
[Site "Germany"]
[Date "1995.??.??"]
[Round "4"]
[White "Molineus, Stefan"]
[Black "Loos, Stephan"]
[Result "1/2-1/2"]
[WhiteElo "2185"]
[BlackElo "2075"]

1.d4 Nf6 2.Bg5 g6 3.Bxf6 exf6 4.e3 Bg7 5.Ne2 O-O 6.c4 d5 7.cxd5 Qxd5 8.Nd2 b6
9.Qc2 c6 10.Nf4 Qd8 11.Bd3 f5 12.h4 Re8 13.O-O-O c5 14.dxc5 bxc5 15.Nc4 Qf6
16.Nd5 Qc6 17.Be2 Na6 18.Na5 Qd6 19.Bb5 Rf8 20.Nc4 Qe6 21.Qa4 Rb8 22.Nf4 Qe4
23.Bc6 Qe7 24.a3 Kh8 25.h5 g5 26.Nd5 Qe6 27.f4 Bb7 28.Bxb7 Rxb7 29.fxg5 Rfb8
30.Rd2 Qe4 31.Qxa6 Rb5 32.Qa4 Bxb2+ 33.Rxb2 Rxb2 34.Nxb2 Qxg2 35.Qc2 Qxh1+
36.Qd1 Qg2 37.Qc2 Qxd5 38.Qc3+ Kg8 39.h6 f6 40.Qxf6 Rb7 41.g6 hxg6 42.Qxg6+ Kh8
43.Qf6+ Kh7 44.Qc3 Qa2 45.Qe5 Qxb2+ 46.Qxb2 Rxb2 47.Kxb2 Kxh6 48.Kc3 Kg5
49.Kc4 Kg4 50.Kxc5 Kf3 51.Kd4 Ke2 52.a4 Kd2 53.a5 a6  1/2-1/2

[Event "Landesliga S9495 Bayern"]
[Site "Germany"]
[Date "1995.??.??"]
[Round "4"]
[White "Molineus, Stefan"]
[Black "Ploehn, Heiko"]
[Result "0-1"]
[WhiteElo "2180"]
[BlackElo "2150"]

1.d4 Nf6 2.Bg5 c5 3.Bxf6 gxf6 4.d5 Qb6 5.Qc1 Bg7 6.c3 d6 7.Nd2 e6 8.Nc4 Qc7
9.Qf4 e5 10.Qg3 O-O 11.e4 f5 12.exf5 Bxf5 13.Qg5 Bg6 14.h4 h6 15.Qg4 Bh7
16.a4 Nd7 17.Qd1 f5 18.Ne2 f4 19.g3 Nf6 20.gxf4 exf4 21.f3 Qe7 22.Bh3 Nh5
23.Be6+ Kh8 24.Qd2 Rab8 25.O-O-O b5 26.axb5 Rxb5 27.Rde1 Qb7 28.Rd1 Qa6  0-1

[Event "Goetzis"]
[Site "Goetzis"]
[Date "1995.??.??"]
[Round "2"]
[White "Dobosz, Henryk"]
[Black "Schmidlechner, Alexander"]
[Result "1/2-1/2"]
[WhiteElo "2420"]
[BlackElo "2000"]

1.d4 d5 2.Bg5 Nf6 3.Bxf6 gxf6 4.e3 Nc6 5.c4 Bf5 6.Nc3 dxc4 7.Bxc4 e6 8.Nge2 Qd7
9.Ng3 Bg6 10.h4 h6  1/2-1/2

[Event "Groningen op"]
[Site "Groningen"]
[Date "1995.??.??"]
[Round "?"]
[White "Degraeve, Jean Marc"]
[Black "Kempinski, Robert"]
[Result "0-1"]
[WhiteElo "2410"]
[BlackElo "2455"]

1.d4 Nf6 2.Bg5 g6 3.Bxf6 exf6 4.e3 Bg7 5.h4 f5 6.Ne2 O-O 7.h5 d5 8.Nf4 Re8
9.c3 g5 10.Nd3 h6 11.Be2 Nd7 12.Nd2 Nf6 13.Nf1 b6 14.f3 Qd6 15.Kf2 c5 16.Qd2 Be6
17.Ne5 Nd7 18.Nxd7 Bxd7 19.g3 b5 20.f4 g4 21.Bd3 b4 22.Nh2 Rab8 23.Rhc1 a5
24.Nf1 a4 25.Rab1 Rec8 26.Rd1 Qe7 27.Qe1 a3 28.bxa3 bxc3 29.Qxc3 cxd4 30.Qa5 dxe3+
31.Ke2 Ra8 32.Qb4 Qxb4 33.Rxb4 Rxa3 34.Kxe3 Rxa2 35.Bb1 Re8+ 36.Kd3 Ra3+  0-1

[Event "Groningen op"]
[Site "Groningen"]
[Date "1995.??.??"]
[Round "?"]
[White "Summerscale, Aaron"]
[Black "Perdomo, Carlos Andres"]
[Result "1-0"]
[WhiteElo "2455"]
[BlackElo "2320"]

1.d4 Nf6 2.Bg5 d5 3.Bxf6 exf6 4.e3 Bd6 5.c4 dxc4 6.Bxc4 O-O 7.Nc3 c6 8.Nf3 Qb6
9.Qe2 Bg4 10.O-O Nd7 11.h3 Be6 12.Bd3 Rfe8 13.Rac1 Rad8 14.a3 Nf8 15.Qc2 Qa5
16.Ne4 Bb8 17.Nc5 Bc8 18.b4 Qc7 19.Qb1 a6 20.a4 Ng6 21.Rfd1 Rd5 22.Be4 Rh5
23.d5 cxd5 24.Bxg6 hxg6 25.Nxa6 Qd6 26.Nxb8 Qxb8 27.Qc2 Bf5 28.Qc7 Qa7 29.Nd4 Qxa4
30.Qxb7 Qa3 31.Ra1 Qc3 32.Ra7 Rf8 33.b5 Bc8 34.Qc6 Qb2 35.Ra8 Bf5 36.b6 Rxa8
37.Qxa8+ Kh7 38.b7  1-0

[Event "Groningen op"]
[Site "Groningen"]
[Date "1995.??.??"]
[Round "?"]
[White "Pomes Marcet, Juan"]
[Black "Mainka, Romuald"]
[Result "1/2-1/2"]
[WhiteElo "2425"]
[BlackElo "2530"]

1.d4 Nf6 2.Bg5 c5 3.Bxf6 gxf6 4.d5 Qb6 5.Qc1 f5 6.e3 Bg7 7.c3 d6 8.Ne2 Nd7
9.Nf4 Nf6 10.Bc4 Bd7 11.a4 Qc7 12.Qd1 O-O 13.Nd2 Rae8 14.Nh5 Nxh5 15.Qxh5 e6
16.O-O a6 17.a5 Bb5 18.Rfd1 Qe7 19.Qf3  1/2-1/2

[Event "Groningen op"]
[Site "Groningen"]
[Date "1995.??.??"]
[Round "?"]
[White "Summerscale, Aaron"]
[Black "Kempinski, Robert"]
[Result "1/2-1/2"]
[WhiteElo "2455"]
[BlackElo "2455"]

1.d4 Nf6 2.Bg5 d5 3.e3 e6 4.c4 Be7 5.Nc3 O-O 6.cxd5 exd5 7.Bd3 c6 8.Nge2 Bg4
9.Qc2 Bxe2 10.Qxe2 Nbd7 11.O-O h6 12.Bf4 Re8 13.Qf3 Bb4 14.a3 Bxc3 15.bxc3 Ne4
16.Rfc1 c5 17.c4 Nd2 18.Qd1 Nxc4 19.Bxc4 dxc4 20.Rxc4 b5 21.Rcc1 Qb6 22.Qg4 Rad8
23.dxc5 Nxc5 24.Bxh6 Qxh6 25.Rxc5 Rxe3 26.Rxb5 Rxa3 27.Rab1 Rc3 28.Qg5 Qxg5
29.Rxg5 Ra3 30.g3 Ra2 31.Rb7 a6  1/2-1/2

[Event "Groningen"]
[Site "Groningen"]
[Date "1995.??.??"]
[Round "7"]
[White "Adams, Michael"]
[Black "Leko, Peter"]
[Result "1/2-1/2"]
[WhiteElo "2660"]
[BlackElo "2605"]

1.d4 Nf6 2.Bg5 d5 3.e3 Ne4 4.Bf4 c6 5.Bd3 Qb6 6.Qc1 Qa5+ 7.c3 Bf5 8.f3 Nd6
9.Bxf5 Nxf5 10.e4 Nh4 11.Bg3 Ng6 12.Ne2 e6 13.Nd2 Be7 14.O-O O-O 15.Qc2 Nd7
16.Rae1 Rac8 17.b4 Qd8 18.Qb3 b5 19.a4 a6 20.a5 f5 21.exf5 exf5 22.Nc1 Bg5
23.Qc2 Bxd2 24.Qxd2 Qf6 25.Bf4 Rce8 26.Nd3 Kf7 27.g3 Rxe1 28.Rxe1 Re8 29.Rxe8 Kxe8
30.h4 Ngf8 31.Kf2 Kf7 32.Be5 Qe7 33.Qf4 g6 34.Qh6 Ke8 35.h5 Qf7 36.Bd6 Ne6
37.hxg6 Qxg6 38.Qh4 Qf7 39.Ke3 Qg7 40.Nf4 Ng5 41.Kf2 h6 42.Qh5+ Nf7 43.Bc5 Qf6
44.Qh1 Nxc5 45.bxc5 b4 46.Nh5 Qg5 47.Qe1+ Kd7 48.Nf4 Qf6 49.Qd2 bxc3 50.Qxc3 h5
51.Nxh5 Qh8 52.g4 fxg4 53.fxg4 Nh6 54.Kg3 Nf5+ 55.gxf5 Qxh5 56.Qd3 Qg5+ 57.Kf2 Qf4+
58.Ke2  1/2-1/2

[Event "Wch U16"]
[Site "Guarapuava"]
[Date "1995.??.??"]
[Round "2"]
[White "Sadvakasov, Darmen"]
[Black "Stevic, Hrvoje"]
[Result "1-0"]
[WhiteElo "2260"]
[BlackElo "2340"]

1.d4 Nf6 2.Bg5 c5 3.dxc5 e6 4.Nd2 Bxc5 5.e3 d5 6.Ngf3 Nc6 7.Be2 O-O 8.O-O e5
9.Nb3 Be7 10.c4 Be6 11.Rc1 dxc4 12.Bxc4 Bxc4 13.Rxc4 Qxd1 14.Rxd1 Rfd8 15.Rdc1 Rd5
16.e4 Rb5 17.Nfd2 Rd8 18.Kf1 h6 19.Bxf6 Bxf6 20.Rc5 Rb6 21.Rd5 Rxd5 22.exd5 Ne7
23.Nc4 Rb5 24.d6 Nf5 25.Rd1 Nd4 26.f4 exf4 27.Nxd4 Rd5 28.Na5 Rxa5 29.Nb3 Re5
30.d7 Bd8 31.Kf2 Kf8 32.Kf3 g5 33.Kg4 Ke7 34.Nd4 Kf6 35.Nf3 Re2 36.g3 fxg3
37.hxg3  1-0

[Event "Gyongyos op "]
[Site "Gyongyos"]
[Date "1995.??.??"]
[Round "?"]
[White "Pantaleev, Dimitar"]
[Black "Jakab, Attila"]
[Result "1/2-1/2"]
[WhiteElo "2250"]
[BlackElo "2045"]

1.d4 d5 2.Bg5 Nf6 3.Nd2 Bf5 4.Bxf6 exf6 5.e3 Bd6 6.c3 O-O 7.Qb3 Be6 8.Qxb7 Nd7
9.Qb3 Rb8 10.Qc2 c5 11.Bd3 g6 12.Qc1 cxd4 13.exd4 Qb6 14.b3 Rfe8 15.Ne2 Bf5
16.Bxf5 gxf5 17.Kf1 Qa6 18.c4 Bb4 19.Nf3 Rbc8 20.a3 Ba5 21.Ng3 dxc4 22.b4 c3+
23.Kg1 Bb6 24.Qh6 c2 25.Nxf5 c1=Q+ 26.Rxc1 Rxc1+ 27.Qxc1 Qd3 28.Ng3 Bxd4
29.Nxd4 Qxd4 30.h3 Ne5 31.Qh6 Nd3 32.Qg7+ Kxg7 33.Nf5+ Kg6 34.Nxd4 Re4 35.Nb5 a6
36.Nc7 Re2 37.g3 Ra2 38.Nxa6 Rxa3  1/2-1/2

[Event "Wch U20"]
[Site "Halle"]
[Date "1995.??.??"]
[Round "5"]
[White "Dyachkov, Sergej"]
[Black "Taleb, Moussa"]
[Result "1/2-1/2"]
[WhiteElo "2520"]
[BlackElo "2245"]

1.d4 Nf6 2.Bg5 d5 3.e3 c5 4.c3 Qb6 5.Qb3 c4 6.Qc2 Ne4 7.Bf4 Bf5 8.Qc1 g5
9.Bxb8 Rxb8 10.Nd2 e6 11.Ngf3 Be7 12.Nxe4 Bxe4 13.Be2 Bg6 14.b3 Qa5  1/2-1/2

[Event "Wch U20 Girls"]
[Site "Halle"]
[Date "1995.??.??"]
[Round "10"]
[White "Danielian, Elina"]
[Black "Repkova Eid, Eva"]
[Result "0-1"]
[WhiteElo "2320"]
[BlackElo "2320"]

1.d4 Nf6 2.Bg5 g6 3.Bxf6 exf6 4.g3 Bg7 5.Bg2 O-O 6.e3 f5 7.c4 c5 8.Ne2 Qc7
9.Nbc3 cxd4 10.Nd5 Qa5+ 11.b4 Qd8 12.Nxd4 Nc6 13.O-O d6 14.Rb1 Nxd4 15.exd4 Be6
16.Qd2 Rc8 17.Rbc1 Re8 18.a4 Qd7 19.b5 b6 20.Nb4 Qd8 21.Nc6 Qf6 22.Qb4 f4
23.gxf4 Bh6 24.Nxa7 Rc7 25.Nc6 Bxf4 26.Rc3 Qh4 27.h3 Bd2 28.Qxd6 Rxc6 29.Bxc6 Bxc3
30.Bxe8 Bxd4 31.Bc6 Bxc4 32.Rd1 Bxf2+ 33.Kg2 Kg7 34.Qe5+ Kh6 35.Qb8 Bc5 36.Qg3 Qf6
37.Bf3 Bb3 38.Rf1 Bd6 39.Bc6 Qe6 40.Qh4+ Kg7 41.Re1 Be5 42.Qe4 f6 43.Re2 Qd6
44.Qe3 Qb4 45.Rd2 Be6 46.Rd3 Qxa4 47.Ra3 Qc2+ 48.Qf2 Qc4 49.Ra7+ Kh6 50.Qe3+ Bf4
51.Qe4 Qxe4+ 52.Bxe4 Be5 53.Rb7 Bd4 54.Re7 Bc4 55.Bc6 f5 56.Rd7 Be3 57.Kf3 Bc5
58.h4 Be6 59.Ra7 Bb3 60.Rd7 Be6 61.Ra7 Bd4 62.Re7 Bb3 63.Rd7 Bf6 64.h5 Kxh5
65.Rxh7+ Kg5 66.Rd7 Be5 67.Bd5 Bd1+ 68.Kf2 Ba4 69.Bc4 Bc2 70.Bd3 Bb3 71.Kf3 Be6
72.Rd8 Bc7 73.Rd4 Kf6 74.Bc4 Be5 75.Rh4 Kg5 76.Bxe6 Kxh4 77.Bd7 Kg5 78.Bc6 Kf6
79.Ke3 g5 80.Kf3 g4+ 81.Kg2 Kg5 82.Kf2 f4 83.Ke2 Kh4 84.Be4 Kg3 85.Kf1 f3
86.Kg1 Kf4 87.Bc6 g3 88.Kh1 g2+  0-1

[Event "Wch U20 Girls"]
[Site "Halle"]
[Date "1995.??.??"]
[Round "12"]
[White "Danielian, Elina"]
[Black "Majigsuren, Dovdon"]
[Result "1-0"]
[WhiteElo "2320"]
[BlackElo "2155"]

1.d4 Nf6 2.Bg5 g6 3.Bxf6 exf6 4.g3 d5 5.Bg2 Bg7 6.e3 O-O 7.c4 dxc4 8.Nd2 c6
9.Nxc4 Be6 10.Nd2 f5 11.Ne2 Bd5 12.Nc3 Nd7 13.O-O Nb6 14.Nf3 Be6 15.Nd2 Nc4
16.Nxc4 Bxc4 17.Re1 Qa5 18.Qc2 Be6 19.a3 Rad8 20.b4 Qc7 21.Na4 Bd5 22.Rac1 Qe7
23.Qc5 Qxc5 24.Nxc5 b6 25.Na6 Rc8 26.Rc3 Rfd8 27.Rec1 Bxg2 28.Kxg2 Rd6 29.Rc4 Bf8
30.b5 c5 31.dxc5 bxc5 32.a4 Rd7 33.Kf3 Rd5 34.h4 h6 35.Ke2 Kh7 36.Rd1 Rcd8
37.Rxd5 Rxd5 38.Nb8 Kg7 39.Rc3 Kf6 40.Rd3 Ke6 41.Nc6 c4 42.Rxd5 Kxd5 43.Nxa7 Kc5
44.a5 c3 45.b6 Kc4 46.b7 c2 47.Kd2 Bd6 48.Kxc2 Kc5 49.a6 Bc7 50.Nb5  1-0

[Event "Hania op"]
[Site "Hania"]
[Date "1995.??.??"]
[Round "5"]
[White "Vlahos, Georgios"]
[Black "Pountzas, Hrisanthos"]
[Result "1-0"]
[WhiteElo "2150"]
[BlackElo "2275"]

1.d4 Nf6 2.Bg5 d5 3.Bxf6 gxf6 4.c4 c6 5.e3 Rg8 6.cxd5 cxd5 7.Nc3 e6 8.Qc2 f5
9.Nf3 Nc6 10.g3 Bd7 11.Bb5 Bd6 12.O-O Kf8 13.Bxc6 Bxc6 14.Ne5 Be8 15.Rac1 Kg7
16.Qb3 Qb6 17.Qxb6 axb6 18.Rc2 f6 19.Nd3 Bd7 20.Rfc1 Rgc8 21.a3 Kf8 22.Nb4 Bxb4
23.axb4 Rc4 24.Ne2 b5 25.b3 Rxc2 26.Rxc2 Ke7 27.Rc7 Kd8 28.Rc3 Ra2 29.Nf4 Rb2
30.Kg2 Ke7 31.Nd3 Rd2 32.Nf4 Rb2 33.Nd3 Rb1 34.Rc7 Kd6 35.Rxb7 e5 36.dxe5+ fxe5
37.Nxe5 Bc8 38.Rb8 Kc7 39.Rxb5 Rxb3 40.Rc5+ Kb8 41.Nc6+ Ka8 42.Na5  1-0

[Event "Hania op"]
[Site "Hania"]
[Date "1995.??.??"]
[Round "7"]
[White "Vlahos, Georgios"]
[Black "Frendzas, Panayotis"]
[Result "0-1"]
[WhiteElo "2150"]
[BlackElo "2375"]

1.d4 Nf6 2.Bg5 c5 3.Nc3 d5 4.Bxf6 gxf6 5.e4 dxe4 6.dxc5 Qa5 7.Bc4 Qxc5 8.Qe2 f5
9.O-O-O Bh6+ 10.Kb1 O-O 11.Nh3 Qe5 12.f4 Qg7 13.Rhg1 Qg4 14.Qxg4+ fxg4 15.Ng5 Bxg5
16.fxg5 Bf5 17.Bd5 Nc6 18.Rgf1 Bg6 19.Bxe4 Rad8 20.Kc1 Kg7 21.h3 Bxe4 22.Nxe4 gxh3
23.gxh3 Kg6 24.c3 Rxd1+ 25.Kxd1 Rd8+ 26.Ke2 Ne5 27.h4 b6 28.h5+ Kxh5 29.Rf5 Rd5
30.c4 Kg6 31.Rf4 Ra5 32.Rh4  0-1

[Event "Hastings Masters"]
[Site "Hastings"]
[Date "1995.??.??"]
[Round "4"]
[White "Mah, Karl"]
[Black "Parker, Jonathan"]
[Result "1/2-1/2"]
[WhiteElo "2200"]
[BlackElo "2415"]

1.d4 Nf6 2.Bg5 d5 3.Bxf6 exf6 4.e3 Bd6 5.g3 O-O 6.Bg2 c6 7.Ne2 Nd7 8.Qd3 f5
9.b3 Nf6 10.c4 dxc4 11.bxc4 Re8 12.O-O h5 13.Nd2 h4 14.Rfd1 hxg3 15.hxg3 Qc7
16.c5 Bf8 17.Nc3 Rd8 18.Qc2 g6 19.a4 Be6 20.a5 a6 21.Na4 Re8 22.Nb6 Rad8
23.Ndc4 Ng4 24.Bf3 Be7 25.Kg2 Kg7 26.Bxg4 fxg4 27.e4 Rh8 28.Qb2 Bf6 29.Nd6 Rh5
30.Rh1 Rxd6 31.cxd6 Qxd6 32.Rxh5 Bxd4 33.Qd2 gxh5 34.Rd1 c5 35.Qg5+ Kf8 36.Qxh5 Qc6  1/2-1/2

[Event "Hastings Masters"]
[Site "Hastings"]
[Date "1995.??.??"]
[Round "8"]
[White "Buckley, Graeme"]
[Black "Wilson, Jonathan"]
[Result "0-1"]
[WhiteElo "2355"]
[BlackElo "2245"]

1.d4 Nf6 2.Bg5 d5 3.Bxf6 exf6 4.e3 Bd6 5.c4 dxc4 6.Bxc4 c6 7.Ne2 O-O 8.Nbc3 f5
9.Qc2 Nd7 10.h3 g6 11.g4 Nb6 12.Bd3 fxg4 13.hxg4 Bxg4 14.O-O-O Bf3 15.Rhg1 Nd5
16.e4 Nxc3 17.Qxc3 Bh2 18.Rge1 Qh4 19.Qd2 Rad8 20.Rh1 Bxh1 21.Rxh1 h5 22.Qe3 Rfe8
23.Kb1 Rd6 24.e5 Rf6 25.Ng3 Rxf2 26.Ne4 Rf4 27.Qe2 Qg4 28.Qxg4 hxg4 29.Rxh2 Rd8
30.Kc2 g3 31.Nxg3 Rdxd4 32.Ne2 Rh4 33.Rf2 Rd7 34.Nf4 Re7 35.e6 Rxf4 36.Rxf4 Rxe6
37.Ra4 a6 38.Kc3 Kg7 39.Kd4 Rd6+ 40.Ke3 f5 41.Rb4 b5 42.Rh4 c5 43.b3 g5 44.Rh5 f4+
45.Ke2 Re6+ 46.Kf2 Kf6 47.a4 Re3 48.Bc2 Rc3 49.Bd1 Rd3 50.Ke2 c4 51.Rh6+ Ke5
52.Rxa6 f3+ 53.Ke1 f2+ 54.Kxf2 Rxd1 55.bxc4 bxc4 56.Rc6 Kd5 57.Rc8 Ra1 58.Ke3 Ra3+
59.Ke2 Rxa4 60.Rg8 Ra2+ 61.Kf1 c3 62.Rxg5+ Kc4 63.Rg4+ Kb3 64.Rg8 Rd2 65.Ke1 Rd7
66.Ke2 Kb2 67.Rb8+ Kc1 68.Rb6 c2 69.Rb8 Re7+ 70.Kf2 Re5 71.Rb7 Kd2 72.Rd7+ Kc3
73.Rc7+ Kd3 74.Rc8 Re2+  0-1

[Event "Helsinki PC-SuperSto"]
[Site "Helsinki"]
[Date "1995.??.??"]
[Round "?"]
[White "Manninen, Marko"]
[Black "Lammi, Jyri"]
[Result "1/2-1/2"]
[WhiteElo "2365"]
[BlackElo "2250"]

1.d4 Nf6 2.Bg5 g6 3.g3 Bg7 4.Bg2 d6 5.Nf3 Nbd7 6.c4 O-O 7.Nc3 h6 8.Bc1 e5
9.O-O c6 10.e4 Re8 11.h3 Qb6 12.d5 cxd5 13.cxd5 Nc5 14.Re1 Bd7 15.Re2 a5
16.Be3 Rec8 17.Rc2 Qd8 18.Ne1 b5 19.Rac1 b4 20.Bxc5 Rxc5 21.Nb1 Rac8 22.Rxc5 Rxc5
23.Rxc5 dxc5 24.Nd2 Qc8 25.Qc2 Bb5 26.h4 Nd7 27.Bh3 Bf8 28.Nd3 Bd6 29.Kg2 Qa6
30.Nc1 Nb6 31.Kg1 c4 32.Nf3 Kg7 33.h5 Na4 34.hxg6 fxg6 35.b3 Nc3 36.bxc4 Bxc4
37.Nd2 Bb5 38.Bf1 Bxf1 39.Nxf1 Bc5 40.Nd3 Bd4 41.Nd2  1/2-1/2

[Event "Helsinki"]
[Site "Helsinki"]
[Date "1995.??.??"]
[Round "?"]
[White "Pyhala, Antti"]
[Black "Sammalvuo, Tapani"]
[Result "0-1"]
[WhiteElo "2350"]
[BlackElo "2390"]

1.d4 Nf6 2.Bg5 d5 3.Bxf6 exf6 4.e3 Bd6 5.c4 dxc4 6.Bxc4 f5 7.Nc3 O-O 8.Nge2 Nd7
9.Qc2 c6 10.h3 Qh4 11.g3 Qd8 12.g4 b5 13.Bd3 b4 14.Na4 Qa5 15.b3 Nb6 16.Nb2 c5
17.gxf5 cxd4 18.Nxd4 Bb7 19.Rg1 Rac8 20.f6 g6 21.Nc4 Nxc4 22.Bxc4 Kh8 23.Rd1 Qe5
24.Nb5 Bb8 25.Qd2 Qh2 26.Rf1 Bf3 27.Nd6 Bxd1 28.Nxc8 Bf3 29.Ne7 Be5 30.Qxb4 Bd6
31.Qa5 Qe5 32.Nd5 Qa1+ 33.Kd2 Qb2+ 34.Kd3 Be2+ 35.Ke4 Qe5+  0-1

[Event "Hofheim MVT"]
[Site "Hofheim"]
[Date "1995.??.??"]
[Round "11"]
[White "Drill, Frank"]
[Black "Weng, Annegret"]
[Result "1-0"]
[WhiteElo "2155"]
[BlackElo "2125"]

1.d4 Nf6 2.Bg5 c5 3.Nc3 Qa5 4.Bxf6 gxf6 5.e3 cxd4 6.Qxd4 Nc6 7.Qd5 Qb6 8.O-O-O d6
9.Qh5 Be6 10.Nh3 Ne5 11.Rd4 Rc8 12.Nf4 Bg4 13.Qh4 h5 14.Bb5+ Kd8 15.Nfd5 Qc5
16.b4 Qxc3 17.Nxc3 Rxc3 18.Rxd6+ Kc8 19.Rd2 a6 20.h3 axb5 21.hxg4 Rc4 22.Rd4 Rxd4
23.exd4 Bh6+ 24.Kb1 Bg5 25.Qg3 Ng6 26.gxh5 Nf4 27.Qc3+ Kb8 28.g3 Ne6 29.f4 Bh6
30.Qd3 Rd8 31.c3 Nc7 32.Qh7 Bf8 33.Qxf7 Nd5 34.Kb2 e5 35.fxe5 fxe5 36.dxe5 Ne3
37.e6 Rd2+ 38.Kb1  1-0

[Event "Horgen-B"]
[Site "Horgen"]
[Date "1995.??.??"]
[Round "4"]
[White "Hodgson, Julian M"]
[Black "Zueger, Beat"]
[Result "1-0"]
[WhiteElo "2590"]
[BlackElo "2470"]

1.d4 Nf6 2.Bg5 c5 3.d5 e5 4.Nc3 d6 5.e4 Be7 6.Be3 a6 7.a4 Ng4 8.Bd2 Bg5 9.Bxg5 Qxg5
10.h3 Nh6 11.g3 O-O 12.Bg2 Nd7 13.Nf3 Qe7 14.a5 b5 15.axb6 Nxb6 16.Nd2 a5
17.b3 Bd7 18.Na4 Nxa4 19.bxa4 Rfb8 20.O-O f6 21.Re1 Nf7 22.Bf1 Ra7 23.Kh2 Rab7
24.Nc4 Qd8 25.c3 Rb3 26.Qc2 g6 27.Ra2 Kg7 28.h4 g5 29.hxg5 fxg5 30.Ne3 R3b7
31.Bh3 Bxh3 32.Kxh3 Nh6 33.Kg2 Rf7 34.Rb1 Rxb1 35.Qxb1 Qf6 36.Qd1 Qg6 37.Qd3 Qh5
38.Qe2 Qxe2 39.Rxe2 Rb7 40.Nc4 Nf7 41.Ra2 Rb3 42.Nxa5 Rxc3 43.Nc6 g4 44.Ra1 Ng5
45.a5  1-0

[Event "HUN-chT2 9495"]
[Site "HUN"]
[Date "1995.??.??"]
[Round "?"]
[White "Blazsik, Zoltan"]
[Black "Marton, Jozsef"]
[Result "1/2-1/2"]
[WhiteElo "2070"]
[BlackElo "2160"]

1.d4 Nf6 2.Bg5 c5 3.Bxf6 exf6 4.d5 Qb6 5.b3 Be7 6.e3 f5 7.Bd3 Qf6 8.Nd2 d6
9.Ngf3 O-O 10.O-O Na6 11.Bxa6 bxa6 12.Nc4 f4 13.Re1 fxe3 14.Rxe3 Bd7 15.Qe1 Rae8
16.Rd1 Bd8 17.Rdd3 Qg6 18.Qe2 f5 19.Rxe8 Rxe8 20.Re3 Rf8 21.Qd3 Qh6 22.a4 f4
23.Re1 Bf5 24.Qe2 Qg6 25.c3 h5 26.Kh1 Kh7 27.Qd2 Bg4 28.Qe2 Bf5  1/2-1/2

[Event "HUN-chT1"]
[Site "HUN"]
[Date "1995.??.??"]
[Round "?"]
[White "Brandics, Jozsef"]
[Black "Fordan, Tibor"]
[Result "1-0"]
[WhiteElo "2300"]
[BlackElo "2225"]

1.d4 d5 2.Bg5 Nf6 3.Bxf6 exf6 4.e3 c6 5.c4 dxc4 6.Bxc4 Bd6 7.Nc3 O-O 8.Nf3 f5
9.O-O Nd7 10.a3 a5 11.d5 Ne5 12.Ba2 c5 13.g3 Bd7 14.Nxe5 Bxe5 15.a4 Ra6 16.Bc4 Rb6
17.Qc2 Rb4 18.b3 h5 19.Rad1 Qf6 20.Bb5 Bxb5 21.Nxb5 h4 22.f4 Bb8 23.d6 c4
24.bxc4 hxg3 25.hxg3 Qe6 26.Qd2 Rd8 27.c5 Rb3 28.Nd4 Qxe3+ 29.Qxe3 Rxe3 30.Nxf5 Rc3
31.Rc1 Rxc1 32.Rxc1 Ba7 33.Kg2 Kf8 34.Ne7 Bb8  1-0

[Event "HUN-chT1"]
[Site "HUN"]
[Date "1995.??.??"]
[Round "?"]
[White "Brandics, Jozsef"]
[Black "Szell, Lajos"]
[Result "0-1"]
[WhiteElo "2300"]
[BlackElo "2270"]

1.d4 Nf6 2.Bg5 g6 3.Bxf6 exf6 4.e3 Bg7 5.Ne2 O-O 6.Nf4 d6 7.h4 Re8 8.h5 g5
9.h6 Bh8 10.Nh5 Bf5 11.g4 Bg6 12.Ng3 c5 13.dxc5 Qa5+ 14.Nd2 Qxc5 15.Nf5 Bxf5
16.gxf5 Qxf5 17.Bd3 Qa5 18.Qh5 Re7 19.c3 Nd7 20.Nb3 Qb6 21.O-O-O Ne5 22.Nd4 Nxd3+
23.Rxd3 Qa6 24.Rhd1 Qxa2 25.Nf5 Rd7 26.f4 Qa1+ 27.Kc2 Qa4+ 28.Kb1 Qe4 29.Qg4 Kf8
30.Kc1 d5 31.Ng3 Qe6 32.f5 Qe5 33.Ne2 Qh2 34.Ng3 Qxh6 35.Rh1 Qg7 36.Nh5 Qh6
37.Ng3 Qg7 38.Rd2 Kg8 39.Rdh2 Re8 40.Rh6 Rxe3 41.R1h3 d4 42.Ne4 dxc3 43.bxc3 Rxh3
44.Rxh3 Qf8 45.Kb2 Bg7 46.Qe2 Qd8 47.Qc4 Qb6+ 48.Kc2 Qc6  0-1

[Event "HUN-chT1"]
[Site "HUN"]
[Date "1995.??.??"]
[Round "?"]
[White "Meszaros, Gyula"]
[Black "Karsa, Laszlo"]
[Result "1/2-1/2"]
[WhiteElo "2220"]
[BlackElo "2385"]

1.d4 Nf6 2.Bg5 g6 3.Bxf6 exf6 4.e3 d5 5.c4 dxc4 6.Bxc4 Bd6 7.Nc3 c6 8.Nge2 Nd7
9.O-O O-O 10.a3 f5 11.b4 Nf6 12.g3 b5 13.Bb3 a5 14.bxa5 Rxa5 15.a4 Ba6 16.axb5 cxb5
17.Rxa5 Qxa5 18.Qa1 Qb6 19.Qa2 b4 20.Na4 Qb5 21.Re1 Bb7 22.Rc1 Bf3 23.Bc4 Qb7
24.Nf4 Ra8 25.Qb3 Qe7  1/2-1/2

[Event "HUN-chT2 9495"]
[Site "HUN"]
[Date "1995.??.??"]
[Round "?"]
[White "Deak, Sandor"]
[Black "Hazai, Laszlo"]
[Result "1/2-1/2"]
[WhiteElo "2325"]
[BlackElo "2475"]

1.d4 Nf6 2.Bg5 d5 3.Bxf6 exf6 4.e3 Bd6 5.Bd3 f5 6.Qf3 g6 7.h4 h5 8.g3 c6
9.Ne2 Nd7 10.O-O Nf6 11.b3 O-O 12.c4 b6 13.Nbc3 Bb7 14.cxd5 cxd5 15.Rfc1  1/2-1/2

[Event "HUN-chT1 9596"]
[Site "HUN"]
[Date "1995.??.??"]
[Round "2"]
[White "Vegh, Endre"]
[Black "Mathe, Gaspar"]
[Result "1/2-1/2"]
[WhiteElo "2345"]
[BlackElo "2415"]

1.d4 Nf6 2.Bg5 d5 3.Bxf6 exf6 4.e3 Be6 5.g3 c6 6.Bg2 Bd6 7.Ne2 h5 8.h4 Qd7
9.Nd2 O-O 10.Nf4 g6 11.Nxe6 Qxe6 12.Qe2 f5 13.O-O-O Nd7 14.Kb1  1/2-1/2

[Event "HUN-chT2 9596"]
[Site "HUN"]
[Date "1995.??.??"]
[Round "5"]
[White "Emodi, Barnabas"]
[Black "Lukacs, Peter"]
[Result "1/2-1/2"]
[WhiteElo "2320"]
[BlackElo "2490"]

1.d4 Nf6 2.Bg5 d5 3.Bxf6 exf6 4.e3 Bd6 5.Nd2 c6 6.Qf3 f5 7.c4 dxc4 8.Bxc4 O-O
9.Ne2 g6 10.h4 Qe7 11.Nf4 Qf6 12.g3 Nd7 13.O-O-O Nb6 14.Bb3 Bd7 15.Kb1 Rfe8
16.Rc1 a5 17.a3 a4 18.Ba2 Red8 19.Rhd1 Qe7 20.Rc3 Qf6 21.Nd3 Be6 22.Bxe6 Qxe6
23.Rdc1 Qe7 24.Nc4 Nxc4 25.Rxc4 h5  1/2-1/2

[Event "Isle of Man op"]
[Site "Isle of Man"]
[Date "1995.??.??"]
[Round "3"]
[White "De Coverly, Roger"]
[Black "Kristensen, Bjarke"]
[Result "0-1"]
[WhiteElo "2105"]
[BlackElo "2440"]

1.d4 Nf6 2.Bg5 c5 3.d5 Qb6 4.Nc3 h6 5.Bd2 e5 6.Qc1 d6 7.g3 Be7 8.Bg2 Nbd7
9.a4 Qd8 10.e4 b6 11.f4 exf4 12.gxf4 g5 13.e5 Nh5 14.e6 Ndf6 15.fxg5 hxg5
16.Nf3 fxe6 17.Nxg5 e5 18.O-O Rg8 19.Kh1 a6 20.Ra3 Qc7 21.Qd1 Bd7 22.Nce4 O-O-O
23.c4 Rg6 24.Rh3 Bg4 25.Qe1 Rdg8 26.a5 Qd7 27.Ne6 Bxe6 28.dxe6 Qxe6 29.Ng5 Rxg5
30.Bxg5 Rxg5 31.Qe2 bxa5 32.Rb3 Rxg2 33.Qxg2 e4 34.Rb6 Qxc4 35.b3 Qd3 36.b4 axb4
37.Ra1 a5 38.Rxa5 Nf4  0-1